| Tag |
First Indicator |
Second Indicator |
Subfields |
| LEADER |
00000cam a22000001 4500 |
| 001 |
in00000260339 |
| 005 |
20191214063055.0 |
| 008 |
720601s1960 nyua b 00000 eng |
| 010 |
|
|
|a 60007528
|
| 035 |
|
|
|a (OCoLC)00475789
|
| 035 |
|
|
|9 ABC2470AM
|
| 040 |
|
|
|a DLC
|c DLC
|d TXA
|d UtOrBLW
|
| 043 |
|
|
|a n-us---
|
| 049 |
|
|
|a TXAM
|c 1 [326901]
|c 2 [905539]
|
| 050 |
0 |
0 |
|a E784
|b .H5
|
| 082 |
0 |
|
|a 973.914
|
| 100 |
1 |
|
|a Hicks, John D.,
|d 1890-1972.
|
| 245 |
1 |
0 |
|a Republican ascendancy, 1921-1933.
|
| 250 |
|
|
|a [1st ed.].
|
| 264 |
|
1 |
|a New York :
|b Harper,
|c [1960]
|
| 300 |
|
|
|a 318 pages :
|b illustrations ;
|c 22 cm.
|
| 336 |
|
|
|a text
|b txt
|2 rdacontent
|
| 337 |
|
|
|a unmediated
|b n
|2 rdamedia
|
| 338 |
|
|
|a volume
|b nc
|2 rdacarrier
|
| 490 |
0 |
|
|a The New American Nation series
|
| 504 |
|
|
|a Includes bibliography.
|
| 651 |
|
0 |
|a United States
|x History
|y 1919-1933.
|
| 999 |
|
|
|a MARS
|
| 999 |
f |
f |
|s 317e221e-bde2-3a8e-ac6a-e68c40d37660
|i 1ea2db31-defa-390f-8482-e9bcaa6ad7ae
|t 0
|
| 952 |
f |
f |
|p ric
|a Texas A&M University
|b Rellis Campus
|c Joint Library Facility
|d Remote Storage
|t 0
|e E784 .H5
|h Library of Congress classification
|i unmediated -- volume
|m A14802254335
|
| 998 |
f |
f |
|a E784 .H5
|t 0
|l Remote Storage
|